1894 1283 1285 1450 1172 1819 1050 1894 1878 1942 1198 1664 1953 1124 1940 1461 1468 1534 1936 1716 1462 1223 1593 1421 1346 1239 1618 1588 1617 1379 1083 1390 1584 1304 1907 1627 1554 1882 1967 1617 1665 1858 1759 1855 1158 1933 1073 1792 1246 1176 1115 1522 1654 1816 1707 1933 1288 1656 1235 1423 1744 1635 1678 1475 1523 1077 1456 1308 1003 1730 1557 1083 1453 1893 1248 1083 1671 1809 1144 1273 1936 1305 1950 1501 1737 1665 1895 1138 1487 1037 1346 1727 1838 1365 1820 1649 1989 1148 1566 BCNSPRNW ULIB Ver.6.0+V

เปลี่ยนเป็นภาษาไทย

Change to English
 แสดงรายละเอียดบรรณานุกรม
  กลับหน้าหลัก

Brief Record : Get Marc (ISO 2709) : E-mail record : QR code < ปิดหน้าต่าง
LEADER : 00000nam 2200000uu 4500
001    13399124148
003     ULIB
008    150121s2556||||th 000 0 tha d
020    ^a9786163480866
060  4 ^aQT104^bว711ส
100    ^aวิโรจน์ ไววานนิชกิจ
245    ^aสรีรวิทยาทางคลินิกพื้นฐาน : หลักการวินิจฉัยในเวชปฏิบัติ สำหรับพยาบาล แพทย์ และบุคลากรณ์ทางการแพทย์/^cวิโรจน์ ไววานนิชกิจ
250    ^aพิมพ์ครั้งที่ 1
260    ^aกรุงเทพฯ :^bโรงพิมพ์แห่งจุฬาลงกรณ์มหาวิทยาลัย,^c2556
300    ^a96 หน้า;^b21 ซม.
650    ^aสรีรวิทยา
650    ^aการวินิจฉัยหน้าที่การทำงานของตับ
650    ^aการวินิจฉัยหน้าที่การทำงานของไต
650    ^aการวินิจฉัยหน้าที่การทำงานของตับอ่อน
650    ^aการวินิจฉัยหน้าที่การทำงานของหัวใจ
650    ^aการวินิจฉัยหน้าที่การทำงานของปอด
650    ^aการวินิจฉัยหน้าที่การทำงานของต่อมไทรอยด์
650    ^aการวินิจฉัยหน้าที่การทำงานของต่อมใต้สมอง
650    ^aการวินิจฉัยหน้าที่การทำงานของหู
945    ^p315^l0^i038636
945    ^p315^l0^i038637
945    ^p315^l0^i038638
945    ^p315^l0^i038639
945    ^p315^l0^i038640
945    ^p315^l0^i038641
945    ^p315^l0^i038642
945    ^p315^l0^i038643
945    ^p315^l0^i038644
945    ^p315^l0^i038645
999    ^aเกษร โพธิ์สุวรรณ
รายการนี้ยังไม่มีแท็ก
คุณยังไม่ได้ล็อกอิน คุณสามารถมีกิจกรรมร่วมกับเว็บไซต์ได้ แต่ต้องล็อกอินก่อน ::
  ล็อกอิน

รายการสื่อสารสนเทศ

ลำดับที่ ประเภท เลขเรียก/บาร์โค้ด สถานที่ สถานะ
1. วิทยาศาสตร์การแพทย์ และสุขภาพ
หนังสือสำรอง
สถานะ=หนังสือสำรอง
QT104 ว711ส ฉ.1 
  Barcode: 038636
ห้องสมุดวิทยาเขตสวรรค์ประชารักษ์
►ส่วนจัดเก็บหนังสือเก่า สปร
บนชั้น
  ขอยืม
2. วิทยาศาสตร์การแพทย์ และสุขภาพ
วิทยาศาสตร์การแพทย์ และสุขภาพ
QT104 ว711ส ฉ.10 
  Barcode: 038645
ห้องสมุดวิทยาเขตสวรรค์ประชารักษ์
►ส่วนจัดเก็บหนังสือเก่า สปร
บนชั้น
  ขอยืม
3. วิทยาศาสตร์การแพทย์ และสุขภาพ
วิทยาศาสตร์การแพทย์ และสุขภาพ
QT104 ว711ส ฉ.2 
  Barcode: 038637
ห้องสมุดวิทยาเขตสวรรค์ประชารักษ์
►ส่วนจัดเก็บหนังสือเก่า สปร
บนชั้น
  ขอยืม
4. วิทยาศาสตร์การแพทย์ และสุขภาพ
วิทยาศาสตร์การแพทย์ และสุขภาพ
QT104 ว711ส ฉ.3 
  Barcode: 038638
ห้องสมุดวิทยาเขตสวรรค์ประชารักษ์
►ส่วนจัดเก็บหนังสือเก่า สปร
บนชั้น
  ขอยืม
5. วิทยาศาสตร์การแพทย์ และสุขภาพ
วิทยาศาสตร์การแพทย์ และสุขภาพ
QT104 ว711ส ฉ.4 
  Barcode: 038639
ห้องสมุดวิทยาเขตสวรรค์ประชารักษ์
►หนังสือทั่วไป
บนชั้น
6. วิทยาศาสตร์การแพทย์ และสุขภาพ
วิทยาศาสตร์การแพทย์ และสุขภาพ
QT104 ว711ส ฉ.5 
  Barcode: 038640
ห้องสมุดวิทยาเขตสวรรค์ประชารักษ์
►ส่วนจัดเก็บหนังสือเก่า สปร
บนชั้น
  ขอยืม
7. วิทยาศาสตร์การแพทย์ และสุขภาพ
วิทยาศาสตร์การแพทย์ และสุขภาพ
QT104 ว711ส ฉ.6 
  Barcode: 038641
ห้องสมุดวิทยาเขตสวรรค์ประชารักษ์
►ส่วนจัดเก็บหนังสือเก่า สปร
บนชั้น
  ขอยืม
8. วิทยาศาสตร์การแพทย์ และสุขภาพ
วิทยาศาสตร์การแพทย์ และสุขภาพ
QT104 ว711ส ฉ.7 
  Barcode: 038642
ห้องสมุดวิทยาเขตสวรรค์ประชารักษ์
►ส่วนจัดเก็บหนังสือเก่า สปร
บนชั้น
  ขอยืม
9. วิทยาศาสตร์การแพทย์ และสุขภาพ
วิทยาศาสตร์การแพทย์ และสุขภาพ
QT104 ว711ส ฉ.8 
  Barcode: 038643
ห้องสมุดวิทยาเขตสวรรค์ประชารักษ์
►ส่วนจัดเก็บหนังสือเก่า สปร
บนชั้น
  ขอยืม
10. วิทยาศาสตร์การแพทย์ และสุขภาพ
วิทยาศาสตร์การแพทย์ และสุขภาพ
QT104 ว711ส ฉ.9 
  Barcode: 038644
ห้องสมุดวิทยาเขตสวรรค์ประชารักษ์
►ส่วนจัดเก็บหนังสือเก่า สปร
บนชั้น
  ขอยืม

รายการใกล้เคียง
    ผู้แต่ง [วิโรจน์ ไววานนิชกิจ]

    หัวเรื่อง [สรีรวิทยา]
    หัวเรื่อง [การวินิจฉัยหน้าที่การทำงานของตับ]
    หัวเรื่อง [การวินิจฉัยหน้าที่การทำงานของไต]
    หัวเรื่อง [การวินิจฉัยหน้าที่การทำงานของตับอ่อน]
    หัวเรื่อง [การวินิจฉัยหน้าที่การทำงานของหัวใจ]
    หัวเรื่อง [การวินิจฉัยหน้าที่การทำงานของปอด]
    หัวเรื่อง [การวินิจฉัยหน้าที่การทำงานของต่อมไทรอยด์]
    หัวเรื่อง [การวินิจฉัยหน้าที่การทำงานของต่อมใต้สมอง]
    หัวเรื่อง [การวินิจฉัยหน้าที่การทำงานของหู]

BibComment


ยังไม่เคยถูกคอมเมนท์

คอมเมนท์ทรัพยากรรายการนี้
  คอมเมนท์: สรีรวิทยาทางคลิน..


 Copyright 2026. Bcnsprnw @Library